Estadísticas para Tabla Periódica

Haz click aquí para tomar la prueba!

Estadísticas generales

  • Esta prueba ha sido tomada 28,813 veces
    (26,709 desde el último reinicio)
  • La puntuación promedio es 53 de 118

Estadísticas de respuestas

# Símbolo Elemento % Correcto
1HHidrógeno
95%
8OOxígeno
94%
79AuOro
92%
47AgPlata
91%
2HeHelio
87%
6CCarbono
85%
7NNitrógeno
85%
11NaSodio
83%
19KPotasio
83%
12MgMagnesio
82%
29CuCobre
80%
3LiLitio
80%
26FeHierro
79%
20CaCalcio
76%
25MnManganeso
73%
10NeNeón
72%
17ClCloro
72%
5BBoro
71%
16SAzufre
70%
15PFosforo
70%
54XeXenón
70%
9FFlúor
70%
18ArArgón
70%
13AlAluminio
69%
80HgMercurio
67%
4BeBerilio
67%
53IYodo
67%
88RaRadio
66%
35BrBromo
64%
92UUranio
63%
30ZnCinc
62%
87FrFrancio
61%
86RnRadón
61%
82PbPlomo
60%
78PtPlatino
60%
14SiSilicio
59%
56BaBario
58%
50SnEstaño
57%
27CoCobalto
57%
36KrKriptón
56%
94PuPlutonio
56%
34SeSelenio
55%
55CsCesio
55%
24CrCromo
54%
28NiNiquel
54%
33AsArsenico
53%
38SrEstroncio
52%
37RbRubidio
52%
22TiTitanio
51%
31GaGalio
51%
74WWolframio
50%
32GeGermanio
48%
84PoPolonio
48%
48CdCadmio
47%
23VVanadio
47%
49InIndio
45%
51SbAntimonio
43%
46PdPaladio
41%
83BiBismuto
41%
99EsEinsteinio
40%
52TeTelurio
39%
81TlTalio
39%
85AtAstato
38%
57LaLantano
37%
42MoMolibdeno
37%
77IrIridio
37%
45RhRodio
36%
21ScEscandio
35%
93NpNeptunio
35%
39YItrio
35%
96CmCurio
34%
76OsOsmio
34%
89AcActinio
33%
95AmAmericio
32%
40ZrCirconio
32%
98CfCalifornio
31%
44RuRutenio
31%
63EuEuropio
31%
43TcTecnecio
29%
73TaTántalo
28%
58CeCerio
28%
104RfRutherfordio
27%
41NbNiobio
27%
75ReRenio
26%
101MdMendelevio
26%
107BhBohrio
25%
72HfHafnio
25%
103LrLawrencio
25%
90ThTorio
25%
97BkBerkelio
24%
69TmTulio
23%
102NoNobelio
23%
68ErErbio
23%
65TbTerbio
22%
70YbIterbio
22%
71LuLutecio
22%
100FmFermio
21%
112CnCopernicio
21%
62SmSamario
21%
60NdNeodimio
20%
91PaProtactinio
20%
108HsHassio
19%
115McMoscovio
19%
59PrPraseodimio
19%
118OgOganesón
19%
61PmPrometio
18%
105DbDubnio
18%
67HoHolmio
18%
64GdGadolinio
18%
106SgSeaborgio
16%
66DyDisprosio
16%
114FlFlerovio
15%
116LvLivermorio
15%
117TsTéneso
15%
109MtMeitnerio
14%
111RgRoentgenio
14%
113NhNihonio
14%
110DsDarvstadtio
13%

Distribución de puntuación

Porcentaje por número respondido

Porcentaje de gente con cada puntuación

Historial de tus puntuaciones

No has tomado esta prueba desde el último reinicio